| 000 | 00552nam a2200193Ia 4500 | ||
|---|---|---|---|
| 003 | IN-BaIIA | ||
| 008 | 211028s9999 xx 000 0 eng d | ||
| 020 | _a978-3-540-63203-0 | ||
| 040 | _cIIA Library | ||
| 080 |
_a12:01.0 _bSTR |
||
| 100 |
_aStrobl, Gert R _925452 |
||
| 245 | 4 |
_aThe Physics of polymers _bconcepts for understanding their structures and behaviour _cGert R. Strobl |
|
| 250 | _a2nd ed. | ||
| 260 |
_aBerlin _bSpringer-Verlag _c1997 |
||
| 300 | _axi, 439p. | ||
| 650 |
_aPolymers _925453 |
||
| 650 |
_aStructure _99552 |
||
| 942 | _cBK | ||
| 999 |
_c14373 _d14373 |
||